New York (Record no. 38335)
[ view plain ]
| 000 -LEADER | |
|---|---|
| fixed length control field | 00483nam a2200145Ia 4500 |
| 022 ## - INTERNATIONAL STANDARD SERIAL NUMBER | |
| ISSN | QA 76.625 .I58/ |
| 050 ## - CALL MARK | |
| Classification number | Internet Computing : virtual World Architectures |
| 245 #0 - TITLE STATEMENT | |
| Title | New York |
| 260 ## - PUBLICATION, DISTRIBUTION, ETC. (IMPRINT) | |
| Name of publisher | 2011 |
| 260 ## - PUBLICATION, DISTRIBUTION, ETC. (IMPRINT) | |
| Year of publication | 104 p. :ill. ; 28 cm. |
| 300 ## - PHYSICAL DESCRIPTION | |
| Number of Pages | Internet programming--Congresses. Mobile computing--Congresses. Electronic data processing--Distributed processing--Congresses. |
| 650 ## - SUBJECT ADDED ENTRY--TOPICAL TERM | |
| Topical Term | SR |
No items available.